[Event "3o Piacenza Chess Festival - Open C"]
[Site "Piacenza ITA"]
[Date "2025.10.24"]
[Round "2.11"]
[White "CANELLI, Nicolino"]
[Black "BURATTI, Emanuele"]
[Result "0-1"]
[WhiteElo "1496"]
[BlackElo "1615"]
[PlyCount "114"]
[EventDate "2025.10.24"]

1. e4 e5 2. Nf3 Nc6 3. Bc4 Nf6 4. Qe2 Bc5 5. c3 d6 6. d3 h6 7. Nbd2 Be6 8. Bb3
Bxb3 9. Nxb3 Bb6 10. a4 a5 11. Be3 O-O 12. O-O d5 13. Bxb6 cxb6 14. Nbd2 Re8
15. Rfd1 Qc7 16. Nf1 Ne7 17. Ng3 Ng6 18. h3 Rad8 19. Rac1 Qc6 20. Qc2 Rd7 21.
Qb3 Red8 22. h4 h5 23. Qb5 Qxb5 24. axb5 dxe4 25. Ne1 exd3 26. Rd2 Nxh4 27.
Rcd1 e4 28. Kh2 Ng6 29. Nf5 Rd5 30. Nd4 Nd7 31. f3 Nc5 32. fxe4 Nxe4 33. Rxd3
Nf2 34. Nef3 Nxd1 35. Rxd1 Nf4 36. Re1 a4 37. Re7 R5d7 38. Re4 Nd3 39. Re2 Rd5
40. Re7 Nxb2 41. Rxb7 Nc4 42. Nc6 R8d7 43. Rb8+ Kh7 44. Nfd4 Na5 45. Nb4 Rxd4
46. cxd4 Rxd4 47. Nc2 Rd6 48. Nb4 a3 49. Rc8 Rd4 50. Nc2 a2 51. Rc7 Rd2 52. Na1
Rd1 53. Nc2 Rc1 54. Rxf7 Rxc2 55. Rf5 a1=Q 56. Rxh5+ Kg6 57. Rd5 Rxg2+ 0-1

[Event "3o Piacenza Chess Festival - Open C"]
[Site "Piacenza ITA"]
[Date "2025.10.24"]
[Round "2.12"]
[White "RENAI, Gianluca"]
[Black "CHIARELLI, Massimo"]
[Result "1-0"]
[WhiteElo "1399"]
[BlackElo "1611"]
[PlyCount "56"]
[EventDate "2025.10.24"]

1. d4 f5 2. Bg5 h6 3. Bh4 g5 4. e3 Nf6 5. Be2 Bg7 6. Bh5+ Kf8 7. Bg3 d6 8. c4
c5 9. Nc3 cxd4 10. exd4 Qa5 11. f4 g4 12. Bg6 Ne4 13. Nge2 Nc6 14. O-O Nxg3 15.
hxg3 Qb6 16. Bh5 Nxd4 17. Kh1 Nxe2 18. Qxe2 e6 19. Rab1 Bd7 20. Rfe1 Rc8 21.
Nd5 Qd8 22. Qd3 exd5 23. Qxd5 Qf6 24. Qxb7 Qd8 25. Qd5 Qf6 26. Qb7 Be6 27.
Qxc8+ Ke7 28. Qc7+ Kf8 1-0

[Event "3o Piacenza Chess Festival - Open C"]
[Site "Piacenza ITA"]
[Date "2025.10.24"]
[Round "2.13"]
[White "RAIMONDI, Celso"]
[Black "GALLI, Fabrizio"]
[Result "1/2-1/2"]
[WhiteElo "1641"]
[BlackElo "1529"]
[PlyCount "104"]
[EventDate "2025.10.24"]

1. d4 d5 2. c4 Nf6 3. Nc3 g6 4. Bg5 Bg7 5. e3 Nbd7 6. Nf3 dxc4 7. Bxc4 a6 8. a4
b6 9. h3 Bb7 10. Bf4 O-O 11. Bd3 Nd5 12. Nxd5 Bxd5 13. Rc1 c5 14. O-O c4 15.
Bxc4 Bxc4 16. Rxc4 Nf6 17. Qe2 Nd5 18. Bg3 b5 19. axb5 axb5 20. Rc5 b4 21. Qc4
e6 22. Rc1 Qd7 23. e4 Nf6 24. e5 Nd5 25. Ne1 Bh6 26. Rb1 Rab8 27. Qd3 Nf4 28.
Qe4 Nd5 29. Nd3 Qa4 30. Nf4 Nxf4 31. Bxf4 Bxf4 32. Qxf4 Qa2 33. Qc1 Qa7 34. Qc4
Rfd8 35. Rc1 Qd7 36. Rd1 Rdc8 37. Rxc8+ Qxc8 38. Rc1 Qd8 39. Qc7 b3 40. Qc4 Qa5
41. Qc3 Qa2 42. Rd1 Qa8 43. Rc1 Qa2 44. Qd2 Rd8 45. Kf1 Qa8 46. f3 Qa7 47. Rd1
Qb7 48. Rc1 Qb6 49. Rd1 Qb7 50. Kf2 Qd5 51. Qc3 Qb7 52. Rd3 Rb8 1/2-1/2

[Event "3o Piacenza Chess Festival - Open C"]
[Site "Piacenza ITA"]
[Date "2025.10.24"]
[Round "2.14"]
[White "DORATELLI, Leonardo"]
[Black "MAGRI', Antonio"]
[Result "1-0"]
[WhiteElo "1567"]
[BlackElo "1399"]
[PlyCount "113"]
[EventDate "2025.10.24"]

1. e4 d5 2. exd5 Nf6 3. d4 Qxd5 4. Nc3 Qa5 5. Nf3 c6 6. Be2 e6 7. O-O Be7 8.
Bd2 Qc7 9. Ne5 Nbd7 10. Bf4 O-O 11. Ng6 Bd6 12. Bxd6 Qxd6 13. Nxf8 Nxf8 14. Bf3
b6 15. Nb5 Qd7 16. c4 a6 17. Nc3 Bb7 18. Qd3 Ng6 19. g3 Ne5 20. Qe2 Nxf3+ 21.
Qxf3 c5 22. d5 exd5 23. cxd5 Nxd5 24. Nxd5 Bxd5 25. Qd3 Qc6 26. Rfd1 Rd8 27.
Rd2 h6 28. Rad1 b5 29. Qc2 Rd7 30. b4 c4 31. Rd4 Be6 32. Rxd7 Bxd7 33. a3 g6
34. Qd2 Bh3 35. Qd5 Qf6 36. Qd8+ Qxd8 37. Rxd8+ Kg7 38. Rd6 c3 39. Rc6 Be6 40.
Rxc3 Bc4 41. f4 h5 42. Kf2 Kf6 43. Ke3 Kf5 44. Kd4 Kg4 45. Kc5 Kh3 46. Rc2 Bb3
47. Rf2 f5 48. Kb6 Ba4 49. Kxa6 Kg4 50. Kb6 h4 51. gxh4 Kxh4 52. Rg2 Kh5 53.
Kc5 Kh6 54. h4 Kh5 55. Rg5+ Kxh4 56. Rxg6 Kh5 57. Rg5+ 1-0

[Event "3o Piacenza Chess Festival - Open C"]
[Site "Piacenza ITA"]
[Date "2025.10.24"]
[Round "2.15"]
[White "MANTOVANI, Beatrice Raiana"]
[Black "LUI, Maurizio"]
[Result "0-1"]
[WhiteElo "1399"]
[BlackElo "1540"]
[PlyCount "70"]
[EventDate "2025.10.24"]

1. d4 d5 2. Bf4 Nf6 3. e3 Bf5 4. Nf3 Nh5 5. Nh4 Nxf4 6. Nxf5 Ng6 7. c3 e6 8.
Ng3 Nd7 9. Bd3 c5 10. O-O Bd6 11. Re1 O-O 12. a3 c4 13. Bxg6 hxg6 14. Qf3 a5
15. Nd2 a4 16. b4 axb3 17. Reb1 Ra4 18. e4 Qa5 19. exd5 exd5 20. Qg4 Nf6 21.
Qd1 Qxc3 22. Ne2 Qa5 23. Qc1 Qc7 24. g3 Rfa8 25. Nc3 R4a5 26. a4 Bb4 27. Nb5
Qc6 28. Nc3 Bxc3 29. Qxc3 Rxa4 30. Rxa4 Rxa4 31. Ra1 Qa6 32. Rxa4 Qxa4 33. Nf3
b5 34. Nd2 b4 35. Qc1 c3 0-1

[Event "3o Piacenza Chess Festival - Open C"]
[Site "Piacenza ITA"]
[Date "2025.10.24"]
[Round "2.16"]
[White "PIERSIMONI, Niccolo'"]
[Black "IANNONE, Raffaella"]
[Result "0-1"]
[WhiteElo "1399"]
[BlackElo "1494"]
[PlyCount "128"]
[EventDate "2025.10.24"]

1. e4 e6 2. d4 d5 3. f3 dxe4 4. fxe4 Qh4+ 5. Ke2 Qxe4+ 6. Be3 Nc6 7. Nc3 Qg6 8.
Ke1 Nb4 9. Bd3 Nxd3+ 10. cxd3 Qxg2 11. Qf3 Qxf3 12. Nxf3 Nf6 13. Nb5 Nd5 14.
Bf2 a6 15. Nc3 Bb4 16. Rc1 Nf4 17. Kd2 O-O 18. Rhg1 Nh3 19. Rg2 Nxf2 20. Rxf2
c5 21. a3 Ba5 22. dxc5 Bc7 23. Ne4 Bf4+ 24. Kc2 Bxc1 25. Kxc1 f6 26. Nd6 e5 27.
d4 exd4 28. Nxd4 Rd8 29. Re2 Bg4 30. Re4 Bh5 31. Nxb7 Re8 32. Ne6 Bf7 33. Nd6
Rxe6 34. Rd4 Rd8 35. Kc2 Kf8 36. Rb4 Rexd6 37. cxd6 Rxd6 38. Rb8+ Ke7 39. Rb7+
Ke6 40. Rb3 Rc6+ 41. Kd3 g5 42. Kd4 Kd6 43. Rf3 Rc4+ 44. Kd3 Ke5 45. Re3+ Kd5
46. Rf3 Rd4+ 47. Kc3 Rf4 48. Rd3+ Ke5 49. b4 Bg6 50. Rd7 Rf3+ 51. Kc4 Rxa3 52.
Rd5+ Ke6 53. Rd2 Kf5 54. Rd5+ Ke6 55. Rd2 Re3 56. Kc5 Rc3+ 57. Kd4 Rc2 58. Rd1
Rxh2 59. Re1+ Kd6 60. Ra1 Rh4+ 61. Kc3 Rh3+ 62. Kc4 Bd3+ 63. Kd4 Bb5 64. Rc1 f5
0-1

[Event "3o Piacenza Chess Festival - Open C"]
[Site "Piacenza ITA"]
[Date "2025.10.24"]
[Round "2.17"]
[White "MANTOVANI, Rafael Enzo"]
[Black "OLIVEIRA PROVENZANO, Frederico"]
[Result "0-1"]
[WhiteElo "1475"]
[BlackElo "1399"]
[PlyCount "88"]
[EventDate "2025.10.24"]

1. e4 e5 2. Nf3 Nc6 3. Bc4 Bc5 4. b4 Bxb4 5. c3 Ba5 6. d4 exd4 7. O-O d6 8.
cxd4 Bg4 9. Qb3 Qd7 10. Bb2 Bb6 11. Nbd2 Na5 12. Qd3 Nxc4 13. Nxc4 Ne7 14. e5
d5 15. Ncd2 h5 16. h3 Qe6 17. hxg4 hxg4 18. Qe3 Nf5 19. Qf4 gxf3 20. Nxf3 Qh6
21. Qxh6 Rxh6 22. Rfe1 c5 23. dxc5 Bxc5 24. Rad1 g5 25. g4 Ng3 26. Kg2 Ne4 27.
Bd4 Bxd4 28. Rxd4 O-O-O 29. Rc1+ Kb8 30. Nd2 Nxd2 31. Rxd2 Re6 32. Re2 d4 33.
Re4 a6 34. Rd1 d3 35. Rd2 Rd5 36. Re3 Rexe5 37. Kf3 Rxe3+ 38. Kxe3 Kc7 39. Rxd3
Rxd3+ 40. Kxd3 Kd6 41. a4 b6 42. Kd4 Ke6 43. Kc4 Ke5 44. f3 b5+ 0-1

[Event "3o Piacenza Chess Festival - Open C"]
[Site "Piacenza ITA"]
[Date "2025.10.24"]
[Round "2.18"]
[White "COSTA, Vittorio"]
[Black "SALERNO, Filippo"]
[Result "1-0"]
[WhiteElo "1455"]
[BlackElo "1399"]
[PlyCount "55"]
[EventDate "2025.10.24"]

1. e4 e6 2. d4 d5 3. Nd2 c5 4. c3 Nc6 5. Bb5 Bd7 6. Ngf3 a6 7. Bxc6 Bxc6 8. e5
Qb6 9. Qb3 Qa7 10. O-O c4 11. Qc2 Ne7 12. b3 b5 13. Ba3 a5 14. Bc5 Qb7 15. Rfb1
Ng6 16. Bxf8 Nxf8 17. bxc4 dxc4 18. Nxc4 Bxf3 19. Nd6+ Ke7 20. Nxb7 Bxb7 21.
Rxb5 Bc6 22. Rb6 Rc8 23. Qb3 Nd7 24. Qa3+ Ke8 25. Ra6 a4 26. Qd6 Nb8 27. Rb6
Rd8 28. Rxb8 1-0

[Event "3o Piacenza Chess Festival - Open C"]
[Site "Piacenza ITA"]
[Date "2025.10.24"]
[Round "2.19"]
[White "STORARI, Asaph"]
[Black "BENEDETTI, Giulia"]
[Result "1-0"]
[WhiteElo "1399"]
[BlackElo "1399"]
[PlyCount "75"]
[EventDate "2025.10.24"]

1. d4 d5 2. Bf4 Bf5 3. c4 c6 4. Nc3 Nf6 5. Nf3 e6 6. e3 Bb4 7. Be2 Nbd7 8. O-O
O-O 9. a3 Bxc3 10. bxc3 Nb6 11. cxd5 cxd5 12. Re1 Rc8 13. Bd3 Rxc3 14. Bxf5
exf5 15. Qd2 Qc8 16. Rec1 Rxc1+ 17. Rxc1 Nc4 18. Qc2 b5 19. Nd2 Qa6 20. Nxc4
bxc4 21. Ra1 Ne4 22. f3 Nd6 23. Bxd6 Qxd6 24. Qxf5 Re8 25. Qf4 Qe7 26. Kf2 c3
27. e4 dxe4 28. Qxe4 Qd7 29. Qd3 Rc8 30. Rc1 c2 31. Rxc2 Rd8 32. Rd2 Qd6 33. g3
h6 34. a4 Rc8 35. Ra2 Rc1 36. Rb2 Qd5 37. Rb8+ Qd8 38. Rxd8# 1-0

[Event "3o Piacenza Chess Festival - Open C"]
[Site "Piacenza ITA"]
[Date "2025.10.25"]
[Round "3.1"]
[White "TIRELLI, Stefano"]
[Black "NEGRI, Fabio"]
[Result "0-1"]
[WhiteElo "1593"]
[BlackElo "1652"]
[PlyCount "138"]
[EventDate "2025.10.24"]

1. d4 Nf6 2. Bf4 c5 3. e3 d5 4. Nf3 Nc6 5. c3 Bf5 6. Nbd2 Qb6 7. Qc1 h6 8. h3
Rc8 9. dxc5 Qxc5 10. Nb3 Qb6 11. Be2 e6 12. O-O Ne4 13. Nfd4 Bh7 14. Bb5 Bd6
15. Bxc6+ bxc6 16. Bxd6 Nxd6 17. Nd2 c5 18. N4f3 O-O 19. Ne5 Rc7 20. Nb3 f6 21.
Nf3 Rb8 22. Rd1 c4 23. Nbd4 Ne4 24. Nd2 Nc5 25. b4 cxb3 26. N2xb3 Nd3 27. Qd2
Rbc8 28. Ne2 a5 29. Rab1 Qa6 30. Nbd4 Nc5 31. Rb2 Ne4 32. Qe1 Nxc3 33. Nxc3
Rxc3 34. Nb5 Rc2 35. Rxc2 Rxc2 36. Nd4 Rxa2 37. Qc3 Qc4 38. Qe1 Qb4 39. Qf1 Rb2
40. Qa6 Bg6 41. Qxe6+ Bf7 42. Qc8+ Kh7 43. Qf5+ Bg6 44. Qxd5 Rb1 45. Ne6 Rxd1+
46. Qxd1 Qb1 47. Nf8+ Kg8 48. Qxb1 Bxb1 49. Ne6 a4 50. Nc5 Bc2 51. Na6 a3 52.
Nb4 Bb3 53. f3 a2 54. Nxa2 Bxa2 55. Kf2 Kf7 56. g3 Be6 57. h4 g5 58. hxg5 fxg5
59. g4 Kf6 60. Kg3 Bd5 61. f4 Be4 62. fxg5+ Kxg5 63. Kh3 Bc6 64. Kg3 Bd7 65.
Kh3 Bxg4+ 66. Kg3 h5 67. Kf2 h4 68. Kg2 Kf5 69. Kf2 Ke5 0-1

[Event "3o Piacenza Chess Festival - Open C"]
[Site "Piacenza ITA"]
[Date "2025.10.25"]
[Round "3.2"]
[White "FOLCINI, Gaddo"]
[Black "SCOVAZZI, Tullio"]
[Result "0-1"]
[WhiteElo "1648"]
[BlackElo "1555"]
[PlyCount "58"]
[EventDate "2025.10.24"]

1. e4 e5 2. d4 exd4 3. Nf3 d6 4. Qxd4 Nc6 5. Bb5 Bd7 6. Bxc6 Bxc6 7. Nc3 Nf6 8.
O-O Be7 9. Bg5 O-O 10. Rfe1 Qd7 11. Nd5 Bxd5 12. exd5 Rfe8 13. Re2 h6 14. Bh4
Nh7 15. Re4 Ng5 16. Rg4 Bf6 17. Qf4 Bxb2 18. Bxg5 hxg5 19. Qxg5 Bxa1 20. Rh4
Bf6 21. Qh5 Bxh4 22. Qxh4 Qe7 23. Qb4 Qe4 24. Qc3 Re7 25. h3 Qxd5 26. h4 Rae8
27. Ng5 Re1+ 28. Kh2 Qe5+ 29. Kh3 Qxc3+ 0-1

[Event "3o Piacenza Chess Festival - Open C"]
[Site "Piacenza ITA"]
[Date "2025.10.25"]
[Round "3.3"]
[White "DRUDI, Matteo"]
[Black "BRUNO, Carmine"]
[Result "0-1"]
[WhiteElo "1602"]
[BlackElo "1553"]
[PlyCount "68"]
[EventDate "2025.10.24"]

1. Nf3 f5 2. c4 Nf6 3. g3 g6 4. Nc3 Bg7 5. Bg2 O-O 6. d4 d6 7. O-O c6 8. Rb1
Ne4 9. e3 e5 10. Ne1 Nxc3 11. bxc3 e4 12. Qb3 Kh8 13. Ba3 Rf7 14. c5 d5 15. Nc2
a5 16. Qb6 Qe8 17. Rfe1 Nd7 18. Qb3 Nf6 19. Bf1 h6 20. c4 Be6 21. cxd5 Nxd5 22.
Bc4 g5 23. Bc1 Bf6 24. Bxd5 Bxd5 25. Qc3 Rg7 26. Re2 Qh5 27. Qd2 f4 28. exf4
gxf4 29. Re1 Bg5 30. Qe2 f3 31. Qf1 Bf6 32. a3 Rag8 33. Bf4 Rg4 34. Bd6 Rh4 0-1

[Event "3o Piacenza Chess Festival - Open C"]
[Site "Piacenza ITA"]
[Date "2025.10.25"]
[Round "3.4"]
[White "PORISINI, Gabriele"]
[Black "BERGONZI, Andrea"]
[Result "1-0"]
[WhiteElo "1463"]
[BlackElo "1598"]
[PlyCount "81"]
[EventDate "2025.10.24"]

1. e4 Nf6 2. e5 Nd5 3. c4 Nb6 4. d4 d6 5. exd6 exd6 6. Bd3 Nc6 7. Nf3 Bg4 8.
Be3 g6 9. O-O Bg7 10. Re1 O-O 11. Be2 Bxf3 12. Bxf3 Nxc4 13. Bxc6 Nxe3 14. fxe3
bxc6 15. Qc2 Qd7 16. Nd2 Rfe8 17. Nf3 Re7 18. Rac1 Bh6 19. Qd2 Rae8 20. Rc3 Re4
21. Qc1 R8e7 22. b4 Qe8 23. Kf2 a6 24. h3 Kg7 25. g4 f6 26. a4 Kg8 27. Rd3 Qd7
28. Nd2 R4e6 29. Qc4 d5 30. Qc3 Qd6 31. Nf3 Bg7 32. Rc1 h6 33. Qc2 Qxb4 34. Rb3
Qd6 35. Qxg6 f5 36. Rb8+ Re8 37. Rxe8+ Rxe8 38. Qxe8+ Kh7 39. Rxc6 Qa3 40. g5
Qb2+ 41. Kg3 1-0

[Event "3o Piacenza Chess Festival - Open C"]
[Site "Piacenza ITA"]
[Date "2025.10.25"]
[Round "3.5"]
[White "BURATTI, Emanuele"]
[Black "CRISCI, Carlo"]
[Result "1-0"]
[WhiteElo "1615"]
[BlackElo "1665"]
[PlyCount "55"]
[EventDate "2025.10.24"]

1. e4 d5 2. exd5 Qxd5 3. Nc3 Qa5 4. d4 c6 5. Bd2 Qc7 6. Bc4 Nf6 7. Nf3 Bg4 8.
h3 Bh5 9. g4 Bg6 10. h4 h6 11. Ne5 Nbd7 12. Nxg6 fxg6 13. Qe2 O-O-O 14. O-O-O
e5 15. dxe5 Qxe5 16. Qf3 Bd6 17. Rhe1 Qc5 18. Be6 Kc7 19. Bf4 Ne5 20. Qg3 Nfxg4
21. Ne4 Qa5 22. Nxd6 Rxd6 23. Bxe5 Nxe5 24. Rxe5 Rxd1+ 25. Kxd1 Rd8+ 26. Rd5+
Kb6 27. Qb3+ Ka6 28. Qd3+ 1-0

[Event "3o Piacenza Chess Festival - Open C"]
[Site "Piacenza ITA"]
[Date "2025.10.25"]
[Round "3.6"]
[White "RENAI, Gianluca"]
[Black "ADINOLFI, Filippo"]
[Result "0-1"]
[WhiteElo "1399"]
[BlackElo "1629"]
[PlyCount "50"]
[EventDate "2025.10.24"]

1. d4 d5 2. c4 c6 3. Nf3 Nf6 4. Nc3 a6 5. e3 b5 6. cxd5 cxd5 7. a3 e6 8. Bd3
Bd6 9. O-O O-O 10. b4 Nbd7 11. Nd2 Qc7 12. Bb2 Bxh2+ 13. Kh1 Bd6 14. Rc1 Qd8
15. f4 h5 16. Rf3 Ng4 17. Qe1 e5 18. Rh3 exf4 19. e4 Re8 20. e5 Bxe5 21. dxe5
Ndxe5 22. Bh7+ Kxh7 23. Rxh5+ Kg8 24. Nxd5 Nd3 25. Nf6+ Nxf6 0-1

[Event "3o Piacenza Chess Festival - Open C"]
[Site "Piacenza ITA"]
[Date "2025.10.25"]
[Round "3.7"]
[White "GALLI, Fabrizio"]
[Black "PAGNANINI, Andrea"]
[Result "0-1"]
[WhiteElo "1529"]
[BlackElo "1688"]
[PlyCount "84"]
[EventDate "2025.10.24"]

1. d4 Nf6 2. Nf3 g6 3. Bf4 Bg7 4. Nbd2 d6 5. e4 O-O 6. Bd3 Re8 7. Bg5 h6 8. Bh4
g5 9. Bg3 Nh5 10. c3 c5 11. Bc2 b6 12. Nf1 Bb7 13. Ne3 Nd7 14. Qd3 Nxg3 15.
hxg3 e6 16. Ng4 f5 17. exf5 exf5+ 18. Ne3 Be4 19. Qe2 Bxc2 20. Qxc2 f4 21. Qg6
Nf8 22. Qd3 fxe3 23. fxe3 Qe7 24. Kd2 Nd7 25. Qg6 Qxe3+ 26. Kc2 Qe4+ 27. Qxe4
Rxe4 28. Rae1 Rae8 29. Rxe4 Rxe4 30. Kd3 d5 31. b3 cxd4 32. cxd4 g4 33. Ne5
Nxe5+ 34. dxe5 Rxe5 35. Rc1 Re7 36. Rf1 Rc7 37. a4 Rc3+ 38. Kd2 Rxb3 39. Rf5 d4
40. Kc2 Rxg3 41. Rf2 Ra3 42. Kb2 Rxa4 0-1

[Event "3o Piacenza Chess Festival - Open C"]
[Site "Piacenza ITA"]
[Date "2025.10.25"]
[Round "3.8"]
[White "COSTA, Luciano"]
[Black "DUQUE BURBANO, Radharani"]
[Result "0-1"]
[WhiteElo "1625"]
[BlackElo "1399"]
[PlyCount "44"]
[EventDate "2025.10.24"]

1. c4 e6 2. d4 d5 3. Nc3 Nf6 4. Bg5 Be7 5. e3 h6 6. Bf4 c5 7. Nf3 Nc6 8. Bd3
cxd4 9. exd4 dxc4 10. Bxc4 Qb6 11. Qd2 Bb4 12. O-O O-O 13. a3 Bxc3 14. bxc3 Na5
15. Bd3 Nb3 16. Qc2 Nxa1 17. Rxa1 Bd7 18. c4 Bc6 19. Ne5 Qxd4 20. Nxc6 Qxa1+
21. Qb1 Qxb1+ 22. Bxb1 bxc6 0-1

[Event "3o Piacenza Chess Festival - Open C"]
[Site "Piacenza ITA"]
[Date "2025.10.25"]
[Round "3.9"]
[White "LUI, Maurizio"]
[Black "MAGGI, Stefano"]
[Result "1-0"]
[WhiteElo "1540"]
[BlackElo "1620"]
[PlyCount "103"]
[EventDate "2025.10.24"]

1. d4 e6 2. Nf3 c5 3. e3 cxd4 4. exd4 d5 5. Bd3 Nf6 6. O-O Bd6 7. b3 O-O 8. Bb2
Nbd7 9. Nbd2 a6 10. a4 Re8 11. Ne5 Qc7 12. f4 b6 13. Rf3 a5 14. Qe2 Bb7 15. Rh3
g6 16. g4 Re7 17. Qf2 Nf8 18. Ba3 Bxa3 19. Rxa3 Ne4 20. Qe3 f5 21. c4 Qd6 22.
Ra2 Qb4 23. Be2 Nc3 24. Qxc3 Qxc3 25. Rxc3 dxc4 26. Bxc4 Rd8 27. Rd3 Kg7 28. g5
Rc7 29. Ndf3 Be4 30. Rdd2 Nd7 31. Kf2 Nb8 32. Rd1 Nc6 33. Nxc6 Rxc6 34. Rad2
Rcd6 35. Ne1 h6 36. h4 h5 37. Ng2 Kf7 38. Ne3 Ke7 39. Nf1 Kf7 40. Ng3 Bc6 41.
Be2 Bb7 42. Bf3 Ba6 43. Ke3 Rc8 44. Ne2 Ke7 45. Rc1 Rcd8 46. Rc7+ R6d7 47. Rdc2
Rxc7 48. Rxc7+ Rd7 49. Rxd7+ Kxd7 50. d5 b5 51. dxe6+ Kxe6 52. Nd4+ 1-0

[Event "3o Piacenza Chess Festival - Open C"]
[Site "Piacenza ITA"]
[Date "2025.10.25"]
[Round "3.10"]
[White "IANNONE, Raffaella"]
[Black "VARLI, Mehmet Fatih"]
[Result "0-1"]
[WhiteElo "1494"]
[BlackElo "1607"]
[PlyCount "50"]
[EventDate "2025.10.24"]

1. e4 d6 2. d4 Nf6 3. Nc3 g6 4. f3 Bg7 5. Be3 O-O 6. Qd2 Re8 7. O-O-O c6 8. Be2
b5 9. Nb1 a5 10. g4 Qc7 11. g5 Nh5 12. f4 Na6 13. Na3 a4 14. Kb1 b4 15. Bxa6
bxa3 16. Bxc8 Rexc8 17. b3 axb3 18. cxb3 Qb7 19. e5 c5 20. Ne2 c4 21. Qc3 cxb3
22. Qxb3 Qf3 23. Qd3 Rab8+ 24. Ka1 Rb2 25. Qa6 Rcc2 0-1

[Event "3o Piacenza Chess Festival - Open C"]
[Site "Piacenza ITA"]
[Date "2025.10.25"]
[Round "3.11"]
[White "POCI, Sara Angela Maria"]
[Black "ROCCHI, Renato"]
[Result "0-1"]
[WhiteElo "1399"]
[BlackElo "1587"]
[PlyCount "62"]
[EventDate "2025.10.24"]

1. e4 c5 2. c3 d5 3. e5 Bf5 4. d4 cxd4 5. cxd4 e6 6. Nc3 a6 7. Bd3 Bg6 8. Nf3
Bb4 9. O-O Ne7 10. a3 Ba5 11. b4 Bb6 12. Re1 Nbc6 13. Be3 Rc8 14. b5 axb5 15.
Bxb5 O-O 16. Bd3 Nf5 17. Bc1 Ncxd4 18. Bxf5 Nxf5 19. Na4 Ba7 20. Be3 d4 21. Bg5
Qd5 22. Qd3 b5 23. Rac1 Rxc1 24. Rxc1 bxa4 25. Qa6 Bb8 26. Qxa4 Bxe5 27. Be7
Nxe7 28. Qa7 Bd6 29. a4 Be4 30. Ne1 Ra8 31. Qxe7 Bxe7 0-1

[Event "3o Piacenza Chess Festival - Open C"]
[Site "Piacenza ITA"]
[Date "2025.10.25"]
[Round "3.12"]
[White "GARZIA, Tommaso"]
[Black "COSTA, Vittorio"]
[Result "1-0"]
[WhiteElo "1585"]
[BlackElo "1455"]
[PlyCount "67"]
[EventDate "2025.10.24"]

1. e4 e6 2. d4 d5 3. Nc3 Bb4 4. e5 c5 5. a3 Bxc3+ 6. bxc3 Ne7 7. f4 b6 8. Nf3
Ba6 9. Bxa6 Nxa6 10. O-O Rc8 11. Qd3 c4 12. Qe2 Nc7 13. a4 Nf5 14. Be3 O-O 15.
Bf2 a6 16. Rfb1 Rb8 17. Qe1 b5 18. a5 f6 19. exf6 Qxf6 20. Ne5 Ne7 21. Nd7 Qg6
22. Nxf8 Rxf8 23. Qd2 Qg4 24. Re1 Rf6 25. Bg3 Nf5 26. Qe2 Qxe2 27. Rxe2 Nxg3
28. hxg3 Ne8 29. g4 Kf7 30. Rf1 h6 31. g3 Nd6 32. Kg2 Ne4 33. Re3 g6 34. Kh3
1-0

[Event "3o Piacenza Chess Festival - Open C"]
[Site "Piacenza ITA"]
[Date "2025.10.25"]
[Round "3.13"]
[White "OLIVEIRA PROVENZANO, Frederico"]
[Black "DORATELLI, Leonardo"]
[Result "1/2-1/2"]
[WhiteElo "1399"]
[BlackElo "1567"]
[PlyCount "101"]
[EventDate "2025.10.24"]

1. e4 c5 2. Nc3 g6 3. f4 Bg7 4. Nf3 Nc6 5. a4 e6 6. Bb5 Nge7 7. O-O O-O 8. f5
exf5 9. exf5 Nxf5 10. d3 Ncd4 11. Bf4 d5 12. a5 Nxf3+ 13. Qxf3 Nd4 14. Qd1 Bd7
15. Bxd7 Qxd7 16. Bg3 Nf5 17. Qf3 Rae8 18. Kh1 Re3 19. Qxd5 Qxd5 20. Nxd5 Nxg3+
21. hxg3 Rxg3 22. Rae1 f5 23. Re7 Rg4 24. Rxb7 Rh4+ 25. Kg1 Bd4+ 26. Rf2 Bxf2+
27. Kxf2 Rf7 28. Rb8+ Kg7 29. Rc8 f4 30. Rxc5 Rh5 31. c4 Rhf5 32. Rc8 f3 33. b4
fxg2+ 34. Kxg2 Rf2+ 35. Kg1 Rd2 36. Nc3 Rxd3 37. Nb5 Re7 38. Kf2 a6 39. Nc7
Rd2+ 40. Kf3 Rf7+ 41. Ke3 Rff2 42. Nxa6 Rfe2+ 43. Kf3 Re1 44. b5 Rd3+ 45. Kf2
Ra1 46. Re8 Rh3 47. Kg2 Rah1 48. b6 R1h2+ 49. Kg1 Ra2 50. b7 Rc3 51. Re1
1/2-1/2

[Event "3o Piacenza Chess Festival - Open C"]
[Site "Piacenza ITA"]
[Date "2025.10.25"]
[Round "3.14"]
[White "MARTINO, Gianluca"]
[Black "STORARI, Asaph"]
[Result "1-0"]
[WhiteElo "1560"]
[BlackElo "1399"]
[PlyCount "117"]
[EventDate "2025.10.24"]

1. e4 c6 2. d4 d5 3. Nd2 dxe4 4. Nxe4 Bf5 5. Ng3 Bg6 6. Nf3 Nf6 7. Ne5 e6 8.
Nxg6 hxg6 9. Be2 Bd6 10. Qd3 Nbd7 11. Bd2 Qc7 12. O-O-O O-O-O 13. c4 Rhe8 14.
Kb1 Bf4 15. Qb3 Bxg3 16. hxg3 Ne4 17. Be3 Qb6 18. Qc2 Nef6 19. d5 Qc7 20. dxc6
Qxc6 21. Bf3 Qa6 22. Rd3 Ne5 23. Rxd8+ Rxd8 24. Be2 Qc6 25. f3 Nh5 26. Bf2 Kb8
27. b3 Rd7 28. Kb2 Qc8 29. Rd1 Qd8 30. Rxd7 Qxd7 31. f4 Nc6 32. Qd3 Kc7 33. Kc3
Qxd3+ 34. Bxd3 b6 35. b4 f5 36. Be2 Nf6 37. Bf3 Ne4+ 38. Bxe4 fxe4 39. b5 Na5
40. Bd4 Kd6 41. Be5+ Kc5 42. Bd4+ Kd6 43. Kb4 g5 44. c5+ bxc5+ 45. Bxc5+ Kd5
46. Bxa7 Nb7 47. a4 gxf4 48. gxf4 e5 49. f5 e3 50. Bxe3 Ke4 51. Bd2 Kd3 52. Bg5
e4 53. a5 e3 54. Bh4 e2 55. a6 g5 56. fxg6 Kd2 57. axb7 e1=Q 58. Bxe1+ Kxe1 59.
b8=Q 1-0

[Event "3o Piacenza Chess Festival - Open C"]
[Site "Piacenza ITA"]
[Date "2025.10.25"]
[Round "3.15"]
[White "GENESIN, Leandro"]
[Black "RAIMONDI, Celso"]
[Result "0-1"]
[WhiteElo "1399"]
[BlackElo "1641"]
[PlyCount "70"]
[EventDate "2025.10.24"]

1. e4 c5 2. Nf3 Nc6 3. Bb5 Qc7 4. Nc3 a6 5. Bxc6 Qxc6 6. d4 cxd4 7. Nxd4 Qg6 8.
O-O e6 9. Re1 b5 10. a3 Bb7 11. Nf5 Bxe4 12. Nh4 Bxc2 13. Nxg6 Bxd1 14. Nxh8
Bb3 15. Re3 Nf6 16. Ne4 Nxe4 17. Rxe4 Bc5 18. Be3 d6 19. Bxc5 dxc5 20. Re3 Bd5
21. Rd1 Kf8 22. Rh3 h6 23. Rh4 Kg8 24. Nxf7 Kxf7 25. Rd3 Rf8 26. Rf4+ Kg8 27.
Rxf8+ Kxf8 28. g3 a5 29. Kf1 Bc4 30. Ke2 Ke7 31. Kd2 Bxd3 32. Kxd3 Kd6 33. Kc3
Kd5 34. b4 axb4+ 35. axb4 c4 0-1

[Event "3o Piacenza Chess Festival - Open C"]
[Site "Piacenza ITA"]
[Date "2025.10.25"]
[Round "3.16"]
[White "LOSIO, Antonio"]
[Black "PIZZASEGOLA, Rocco"]
[Result "1-0"]
[WhiteElo "1399"]
[BlackElo "1409"]
[PlyCount "85"]
[EventDate "2025.10.24"]

1. Nf3 d6 2. g3 g6 3. Bg2 Nf6 4. d3 Bg7 5. O-O O-O 6. Nbd2 Bg4 7. h3 Bxf3 8.
Nxf3 e5 9. e4 d5 10. Re1 dxe4 11. Nd2 exd3 12. Bxb7 dxc2 13. Qxc2 Nc6 14. Bxc6
Rb8 15. Rxe5 Ng4 16. Rd5 Qe7 17. hxg4 Qe1+ 18. Kh2 Qxf2+ 19. Kh3 Qg1 20. Nf3
Qh1+ 21. Nh2 Rb6 22. Rc5 Qg1 23. Rb1 Bd4 24. Rc4 Qf2 25. Qxf2 Bxf2 26. Bf4 f5
27. g5 Rd8 28. Rc2 Rc8 29. Bd5+ Kg7 30. Rxf2 Rb5 31. Bb3 c5 32. Bc4 Rb4 33. b3
Rc6 34. Re2 Rcb6 35. Re7+ Kf8 36. Rxh7 Rxc4 37. Rd1 Rd4 38. Rc1 Rc6 39. Rxa7
Re4 40. Nf3 c4 41. Ne5 cxb3 42. Rxc6 Re1 43. Rc8# 1-0

[Event "3o Piacenza Chess Festival - Open C"]
[Site "Piacenza ITA"]
[Date "2025.10.25"]
[Round "3.17"]
[White "BENEDETTI, Giulia"]
[Black "CANELLI, Nicolino"]
[Result "0-1"]
[WhiteElo "1399"]
[BlackElo "1496"]
[PlyCount "118"]
[EventDate "2025.10.24"]

1. e4 c6 2. d4 d5 3. f3 Qc7 4. Nc3 Nf6 5. Nge2 e5 6. Be3 Nbd7 7. Qd3 Nb6 8.
O-O-O Nc4 9. b3 Ba3+ 10. Kb1 Nb2 11. Qd2 Nxd1 12. Qxd1 O-O 13. Ng3 Re8 14. Qd2
Bb4 15. Bd3 Qa5 16. Kb2 Bd7 17. Nge2 Qd8 18. Qe1 a5 19. Bd2 Qe7 20. Na4 b5 21.
Bxb4 axb4 22. Nb6 Ra7 23. c3 bxc3+ 24. Qxc3 Qa3+ 25. Kb1 Qxa2+ 26. Kc1 Qa1+ 27.
Qxa1 Rxa1+ 28. Bb1 dxe4 29. fxe4 Bg4 30. Re1 Nxe4 31. Kb2 Ra6 32. Bxe4 Rxb6 33.
Ng3 exd4 34. Rc1 Rc8 35. h3 Be6 36. Ne2 c5 37. Nf4 c4 38. b4 c3+ 39. Kc2 Ra6
40. Bb7 Ra2+ 41. Kd1 Rc7 42. Be4 Rca7 43. Bb1 R2a4 44. Nd3 Bf5 45. Nc5 Bxb1 46.
Nxa4 c2+ 47. Kd2 Rxa4 48. Kd3 Rxb4 49. Re1 g6 50. Ke4 Ba2 51. Kd3 Rb1 52. Re2
c1=Q 53. Kxd4 Qc4+ 54. Ke3 Qc3+ 55. Kf2 Bc4 56. Re3 Qf6+ 57. Rf3 Rb2+ 58. Kg3
Qg5+ 59. Kh2 Qxg2# 0-1